[Event "Icelandic Team Championship 2021"]
[Site "Reykjavik"]
[Date "2021.10.03"]
[Round "5.1"]
[White "Gretarsson, Hjorvar Steinn"]
[Black "Hillarp Persson, Tiger"]
[Result "1/2-1/2"]
[WhiteElo "2597"]
[BlackElo "2541"]

1. d4 {[%emt 00:02:11]} Nf6 {[%emt 00:01:29]} 2. c4 {[%clk 01:28:29]} g6 {[%emt
00:00:14]} 3. Nc3 {[%emt 00:00:06]} Bg7 {[%emt 00:00:07]} 4. e4 {[%clk
01:29:31]} {[%emt 00:00:07]} d6 5. h3 {[%emt 00:00:14]} e5 {[%emt 00:02:56]} 6.
d5 {[%emt 00:00:32]} a5 {[%emt 00:00:54]} 7. Be3 {[%emt 00:00:28]} Na6 {[%emt
00:01:36]} 8. Nf3 {[%clk 01:22:32]} {[%emt 00:01:13]} O-O 9. Be2 {[%emt
00:18:02]} Nh5 {[%clk 01:08:34]} {[%emt 00:07:18]} 10. Nd2 {[%clk 01:15:49]}
{[%emt 00:07:14]} Nf4 {[%clk 01:05:58]} {[%emt 00:03:05]} 11. Bf1 {[%clk
01:16:06]} {[%emt 00:00:14]} Nb4 {[%clk 00:52:57]} {[%emt 00:13:30]} 12. Nb3
{[%clk 01:08:50]} {[%emt 00:07:46]} a4 {[%clk 00:52:12]} {[%emt 00:01:15]} 13.
Nc1 {[%clk 01:01:27]} {[%emt 00:07:53]} a3 {[%clk 00:51:24]} {[%emt 00:01:19]}
14. bxa3 {[%clk 00:44:41]} {[%emt 00:17:16]} Rxa3 {[%clk 00:50:25]} {[%emt
00:01:28]} 15. Nb3 {[%clk 00:44:22]} {[%emt 00:00:49]} f5 {[%clk 00:45:06]}
{[%emt 00:05:49]} 16. Nb5 {[%clk 00:36:34]} {[%emt 00:08:19]} Ra8 {[%clk
00:44:14]} {[%emt 00:01:22]} 17. a3 {[%clk 00:27:38]} {[%emt 00:09:26]} Na6
{[%clk 00:40:01]} {[%emt 00:04:42]} 18. g3 {[%clk 00:26:28]} {[%emt 00:01:40]}
Nh5 {[%clk 00:29:20]} {[%emt 00:11:11]} 19. exf5 {[%clk 00:25:40]} {[%emt
00:01:18]} Bxf5 {[%clk 00:29:36]} {[%emt 00:00:14]} 20. Be2 {[%clk 00:17:49]}
{[%emt 00:08:20]} Qe7 {[%clk 00:23:17]} {[%emt 00:06:49]} 21. Qd2 {[%clk
00:09:52]} {[%emt 00:08:27]} Nf4 {[%clk 00:15:36]} {[%emt 00:08:11]} 22. gxf4
{[%clk 00:09:32]} {[%emt 00:00:50]} exf4 {[%clk 00:15:58]} {[%emt 00:00:08]} 23.
Bd4 {[%clk 00:08:51]} {[%emt 00:01:12]} f3 {[%clk 00:11:49]} {[%emt 00:04:38]}
24. Bxg7 {[%clk 00:08:38]} {[%emt 00:00:43]} Qxg7 {[%clk 00:11:25]} {[%emt
00:00:53]} 25. Bxf3 {[%clk 00:03:24]} {[%emt 00:05:45]} Nc5 {[%clk 00:11:49]}
{[%emt 00:00:06]} 26. N3d4 {[%clk 00:02:44]} {[%emt 00:01:10]} Bd3 {[%clk
00:05:07]} {[%emt 00:07:12]} 27. Ra2 {[%clk 00:02:12]} {[%emt 00:01:02]} Bxc4
{[%clk 00:04:13]} {[%emt 00:01:23]} 28. Be2 {[%clk 00:01:54]} {[%emt 00:00:49]}
Bxd5 {[%clk 00:03:21]} {[%emt 00:01:23]} 29. O-O {[%clk 00:01:58]} {[%emt
00:00:26]} Bxa2 {[%clk 00:03:43]} {[%emt 00:00:08]} 30. Qxa2+ {[%clk 00:02:23]}
{[%emt 00:00:05]} Kh8 {[%clk 00:04:07]} {[%emt 00:00:06]} 31. Qa1 {[%clk
00:01:32]} {[%emt 00:01:21]} c6 {[%clk 00:02:58]} {[%emt 00:01:39]} 32. Nxd6
{[%clk 00:01:15]} {[%emt 00:00:48]} Rad8 {[%clk 00:03:13]} {[%emt 00:00:15]} 33.
Nxb7 {[%clk 00:01:33]} {[%emt 00:00:12]} Nxb7 {[%clk 00:03:17]} {[%emt
00:00:26]} 34. Ne6 {[%clk 00:01:57]} {[%emt 00:00:05]} Qxa1 {[%clk 00:03:34]}
{[%emt 00:00:13]} 35. Rxa1 {[%clk 00:02:25]} {[%emt 00:00:03]} Rde8 {[%clk
00:03:30]} {[%emt 00:00:34]} 36. Nxf8 {[%clk 00:02:51]} {[%emt 00:00:04]} Rxe2
{[%clk 00:03:53]} {[%emt 00:00:07]} 37. Nd7 {[%clk 00:01:49]} {[%emt 00:01:32]}
Re7 {[%clk 00:03:22]} {[%emt 00:01:00]} 38. Nb6 {[%clk 00:02:10]} {[%emt
00:00:08]} Na5 {[%clk 00:03:42]} {[%emt 00:00:12]} 39. Rd1 {[%clk 00:01:47]}
{[%emt 00:00:53]} Rb7 {[%clk 00:03:25]} {[%emt 00:00:47]} 40. Nd7 {[%clk
00:02:10]} {[%emt 00:00:07]} Nb3 {[%clk 00:02:09]} {[%emt 00:01:46]} 41. Ne5
{[%clk 00:01:33]} {[%emt 00:01:07]} c5 {[%clk 00:02:24]} {[%emt 00:00:15]} 42.
Rd3 {[%clk 00:01:09]} {[%emt 00:00:53]} Nd4 {[%clk 00:02:17]} {[%emt 00:00:37]}
43. Kg2 {[%clk 00:01:23]} {[%emt 00:00:16]} Ra7 {[%clk 00:02:12]} {[%emt
00:00:36]} 44. Rc3 {[%clk 00:01:28]} {[%emt 00:00:25]} Ne6 {[%clk 00:02:25]}
{[%emt 00:00:18]} 45. Kf3 {[%clk 00:00:35]} {[%emt 00:01:22]} Ra4 {[%clk
00:02:37]} {[%emt 00:00:18]} 46. Nc4 {[%clk 00:00:38]} {[%emt 00:00:28]} Nd4+
{[%clk 00:02:48]} {[%emt 00:00:19]} 47. Kg2 {[%clk 00:00:45]} {[%emt 00:00:22]}
Ne2 {[%clk 00:01:41]} {[%emt 00:01:37]} 48. Rc2 {[%clk 00:01:09]} {[%emt
00:00:06]} Nd4 {[%clk 00:02:04]} {[%emt 00:00:07]} 49. Rc1 {[%clk 00:01:23]}
{[%emt 00:00:16]} 1/2-1/2

[Event "Icelandic Team Championship 2021"]
[Site "Reykjavik"]
[Date "2021.10.03"]
[Round "5.2"]
[White "Bromann, Thorbjorn"]
[Black "Stefansson, Hannes"]
[Result "0-1"]
[WhiteElo "2385"]
[BlackElo "2511"]

1. d4 {[%clk 01:30:54]} {[%emt 00:00:05]} Nf6 {[%clk 01:30:41]} {[%emt
00:00:21]} 2. Bg5 {[%clk 01:31:18]} {[%emt 00:00:06]} e6 {[%clk 01:30:32]}
{[%emt 00:00:38]} 3. e4 {[%clk 01:31:43]} {[%emt 00:00:06]} h6 {[%clk
01:30:50]} {[%emt 00:00:13]} 4. Bxf6 {[%clk 01:32:08]} {[%emt 00:00:04]} Qxf6
{[%clk 01:31:13]} {[%emt 00:00:06]} 5. c3 {[%clk 01:32:33]} {[%emt 00:00:06]}
d6 {[%clk 01:30:18]} {[%emt 00:01:25]} 6. Bd3 {[%emt 00:00:33]} Qg6 {[%clk
01:27:52]} {[%emt 00:02:52]} 7. Nf3 {[%clk 01:31:59]} {[%emt 00:01:03]} e5
{[%clk 01:23:48]} {[%emt 00:04:35]} 8. Nbd2 {[%clk 01:31:33]} {[%emt 00:00:55]}
Nd7 {[%clk 01:19:46]} {[%emt 00:04:32]} 9. Qb3 {[%clk 01:25:17]} {[%emt
00:06:45]} Be7 {[%clk 01:19:11]} {[%emt 00:01:05]} 10. O-O-O {[%clk 01:24:16]}
{[%emt 00:01:30]} O-O {[%clk 01:19:30]} {[%emt 00:00:12]} 11. h4 {[%clk
01:15:31]} {[%emt 00:09:15]} a5 {[%clk 01:14:24]} {[%emt 00:05:35]} 12. h5
{[%clk 01:05:20]} {[%emt 00:10:41]} Qf6 {[%clk 01:14:04]} {[%emt 00:00:50]} 13.
Nc4 {[%clk 01:03:05]} {[%emt 00:02:45]} a4 {[%clk 01:08:34]} {[%emt 00:06:00]}
14. Qc2 {[%clk 01:03:16]} {[%emt 00:00:19]} a3 {[%clk 01:08:44]} {[%emt
00:00:20]} 15. b3 {[%clk 00:59:03]} {[%emt 00:04:43]} exd4 {[%clk 01:01:58]}
{[%emt 00:07:17]} 16. cxd4 {[%clk 00:58:43]} {[%emt 00:00:50]} c5 {[%clk
00:56:03]} {[%emt 00:06:25]} 17. Ne3 {[%clk 00:51:15]} {[%emt 00:07:57]} Nb6
{[%clk 00:56:10]} {[%emt 00:00:23]} 18. e5 {[%clk 00:43:53]} {[%emt 00:07:53]}
dxe5 {[%clk 00:56:31]} {[%emt 00:00:09]} 19. dxe5 {[%clk 00:43:58]} {[%emt
00:00:26]} Qc6 {[%clk 00:56:42]} {[%emt 00:00:17]} 20. Be4 {[%clk 00:38:42]}
{[%emt 00:05:47]} Qb5 {[%clk 00:56:57]} {[%emt 00:00:14]} 21. Nd5 {[%clk
00:38:14]} {[%emt 00:00:59]} Nxd5 {[%clk 00:56:34]} {[%emt 00:00:53]} 22. Bxd5
{[%clk 00:38:38]} {[%emt 00:00:06]} Be6 {[%clk 00:51:30]} {[%emt 00:05:33]} 23.
Bxe6 {[%clk 00:17:50]} {[%emt 00:21:19]} fxe6 {[%clk 00:51:35]} {[%emt
00:00:24]} 24. Rd3 {[%clk 00:18:04]} {[%emt 00:00:16]} Qb4 {[%clk 00:43:57]}
{[%emt 00:08:07]} 25. Rd7 {[%clk 00:11:32]} {[%emt 00:07:02]} c4 {[%clk
00:43:45]} {[%emt 00:00:43]} 26. Nd2 {[%clk 00:00:34]} {[%emt 00:11:28]} Bg5
{[%clk 00:39:10]} {[%emt 00:05:04]} 27. Kb1 {[%clk 00:00:31]} {[%emt 00:00:33]}
Qb5 {[%clk 00:36:52]} {[%emt 00:02:48]} 28. Rc7 {[%clk 00:00:32]} {[%emt
00:00:30]} Qxe5 {[%clk 00:35:42]} {[%emt 00:01:40]} 29. Rxc4 {[%clk 00:00:36]}
{[%emt 00:00:26]} Rxf2 {[%clk 00:35:40]} {[%emt 00:00:32]} 30. Rc8+ {[%clk
00:00:32]} {[%emt 00:00:34]} Rxc8 {[%clk 00:36:02]} {[%emt 00:00:07]} 31. Qxc8+
{[%clk 00:00:57]} {[%emt 00:00:05]} Rf8 {[%clk 00:35:59]} {[%emt 00:00:32]} 32.
Qc2 {[%clk 00:00:56]} {[%emt 00:00:30]} Bf6 {[%clk 00:35:42]} {[%emt 00:00:48]}
33. Kc1 {[%clk 00:01:19]} {[%emt 00:00:07]} Qa1+ {[%clk 00:29:49]} {[%emt
00:06:23]} 34. Nb1 {[%clk 00:01:42]} {[%emt 00:00:07]} Rd8 {[%clk 00:28:43]}
{[%emt 00:01:36]} 0-1

[Event "Icelandic Team Championship 2021"]
[Site "Reykjavik"]
[Date "2021.10.03"]
[Round "5.3"]
[White "Pantzar, Milton"]
[Black "Karlsson, Bjorn-Ivar"]
[Result "1-0"]
[WhiteElo "2423"]
[BlackElo "2313"]

1. d4 {[%clk 01:30:58]} {[%emt 00:00:03]} d5 {[%clk 01:30:41]} {[%emt
00:00:19]} 2. c4 {[%clk 01:31:18]} {[%emt 00:00:11]} c6 {[%clk 01:30:41]}
{[%emt 00:00:30]} 3. Nc3 {[%emt 00:00:19]} Nf6 {[%clk 01:30:30]} {[%emt
00:01:07]} 4. e3 a6 {[%clk 01:29:21]} {[%emt 00:01:26]} 5. Nf3 {[%clk
01:31:43]} {[%emt 00:00:33]} b5 {[%clk 01:28:24]} {[%emt 00:01:34]} 6. b3
{[%clk 01:31:04]} {[%emt 00:01:01]} Bg4 {[%clk 01:27:27]} {[%emt 00:01:36]} 7.
a4 {[%clk 01:30:46]} {[%emt 00:00:38]} b4 {[%clk 01:19:43]} {[%emt 00:08:14]} 8.
Ne2 {[%clk 01:30:49]} {[%emt 00:00:27]} a5 {[%clk 01:17:44]} {[%emt 00:02:28]}
9. Ne5 {[%clk 01:25:28]} {[%emt 00:05:53]} Bd7 {[%clk 01:07:59]} {[%emt
00:10:14]} 10. Bb2 {[%clk 01:14:25]} {[%emt 00:11:33]} e6 {[%clk 01:04:09]}
{[%emt 00:04:18]} 11. g4 {[%clk 01:09:42]} {[%emt 00:05:14]} Bd6 {[%clk
00:56:42]} {[%emt 00:07:57]} 12. Ng3 {[%clk 01:08:10]} {[%emt 00:02:02]} Na6
{[%clk 00:45:24]} {[%emt 00:11:47]} 13. f4 {[%clk 01:01:03]} {[%emt 00:07:38]}
Ne4 {[%clk 00:37:30]} {[%emt 00:08:24]} 14. Nxe4 {[%clk 00:54:01]} {[%emt
00:07:32]} dxe4 {[%clk 00:37:24]} {[%emt 00:00:36]} 15. h4 {[%clk 00:54:20]}
{[%emt 00:00:11]} f6 {[%clk 00:33:44]} {[%emt 00:04:09]} 16. Nxd7 {[%clk
00:53:39]} {[%emt 00:01:13]} Qxd7 {[%clk 00:34:11]} {[%emt 00:00:03]} 17. Qc2
{[%clk 00:48:51]} {[%emt 00:05:17]} f5 {[%clk 00:34:03]} {[%emt 00:00:38]} 18.
O-O-O {[%clk 00:46:23]} {[%emt 00:02:58]} Nc7 {[%clk 00:33:19]} {[%emt
00:01:15]} 19. Rg1 {[%clk 00:40:25]} {[%emt 00:06:27]} Rg8 {[%clk 00:29:01]}
{[%emt 00:04:48]} 20. c5 {[%clk 00:27:13]} {[%emt 00:13:43]} Be7 {[%clk
00:28:05]} {[%emt 00:01:25]} 21. gxf5 {[%clk 00:27:22]} {[%emt 00:00:22]} exf5
{[%clk 00:28:23]} {[%emt 00:00:12]} 22. d5 {[%clk 00:27:42]} {[%emt 00:00:11]}
Nxd5 {[%clk 00:27:58]} {[%emt 00:00:54]} 23. Rxd5 {[%clk 00:27:38]} {[%emt
00:00:34]} Qxd5 {[%clk 00:28:02]} {[%emt 00:00:26]} 24. Bc4 {[%clk 00:27:52]}
{[%emt 00:00:16]} Qxc5 {[%clk 00:27:40]} {[%emt 00:00:52]} 25. Bd4 {[%clk
00:28:09]} {[%emt 00:00:13]} 1-0

[Event "Icelandic Team Championship 2021"]
[Site "Reykjavik"]
[Date "2021.10.03"]
[Round "5.4"]
[White "Thorhallsson, Simon"]
[Black "Storme, Isak"]
[Result "0-1"]
[WhiteElo "2237"]
[BlackElo "2304"]

1. e4 {[%clk 01:30:57]} {[%emt 00:00:02]} e5 {[%clk 01:30:54]} {[%emt
00:00:07]} 2. Nf3 {[%clk 01:31:24]} {[%emt 00:00:04]} Nc6 {[%clk 01:31:18]}
{[%emt 00:00:05]} 3. Bc4 {[%clk 01:31:51]} {[%emt 00:00:03]} Bc5 {[%clk
01:31:41]} {[%emt 00:00:08]} 4. c3 {[%clk 01:32:12]} {[%emt 00:00:08]} Nf6
{[%emt 00:00:22]} 5. d4 {[%clk 01:32:27]} exd4 {[%clk 01:32:29]} {[%emt
00:00:04]} 6. e5 {[%clk 01:32:44]} {[%emt 00:00:14]} d5 {[%clk 01:32:53]}
{[%emt 00:00:05]} 7. Bb5 {[%clk 01:33:06]} {[%emt 00:00:08]} Ne4 {[%clk
01:33:16]} {[%emt 00:00:07]} 8. cxd4 {[%clk 01:33:32]} {[%emt 00:00:05]} Bb6
{[%clk 01:33:38]} {[%emt 00:00:08]} 9. Nc3 {[%clk 01:32:20]} {[%emt 00:01:41]}
O-O {[%clk 01:33:50]} {[%emt 00:00:17]} 10. Be3 {[%clk 01:31:45]} {[%emt
00:01:05]} Bg4 {[%clk 01:33:34]} {[%emt 00:00:47]} 11. h3 {[%clk 01:31:26]}
{[%emt 00:00:50]} Bh5 {[%clk 01:33:56]} {[%emt 00:00:09]} 12. Qb3 {[%clk
01:30:25]} {[%emt 00:01:29]} Bxf3 {[%clk 01:31:55]} {[%emt 00:02:31]} 13. gxf3
{[%clk 01:30:43]} {[%emt 00:00:12]} Nxf2 {[%clk 01:30:50]} {[%emt 00:01:36]} 14.
Bxf2 {[%clk 01:25:41]} {[%emt 00:05:32]} Nxd4 {[%clk 01:30:03]} {[%emt
00:01:17]} 15. Bxd4 {[%clk 01:21:19]} {[%emt 00:04:49]} Qh4+ {[%clk 01:30:25]}
{[%emt 00:00:10]} 16. Kd2 {[%clk 01:21:39]} {[%emt 00:00:10]} Bxd4 {[%clk
01:25:53]} {[%emt 00:05:05]} 17. Ne2 {[%clk 01:15:53]} {[%emt 00:06:13]} Bxe5
{[%clk 01:23:33]} {[%emt 00:02:49]} 18. Qa4 {[%clk 01:12:19]} {[%emt 00:04:04]}
Qh6+ {[%clk 01:20:35]} {[%emt 00:03:29]} 19. Kc2 {[%clk 01:11:26]} {[%emt
00:01:24]} a6 {[%emt 00:01:37]} 20. Bd3 {[%clk 01:11:26]} c5 {[%clk 01:18:40]}
{[%emt 00:01:47]} 21. Qg4 {[%clk 01:08:00]} {[%emt 00:03:56]} c4 {[%clk
01:05:34]} {[%emt 00:13:37]} 22. Bf5 {[%clk 01:07:21]} {[%emt 00:01:09]} Qf6
{[%clk 01:00:01]} {[%emt 00:06:02]} 23. Rad1 {[%clk 01:04:07]} {[%emt
00:03:46]} Rad8 {[%clk 00:55:22]} {[%emt 00:05:09]} 24. Nd4 {[%clk 00:57:52]}
{[%emt 00:06:44]} g6 {[%clk 00:53:08]} {[%emt 00:02:45]} 25. Rhg1 {[%clk
00:52:31]} {[%emt 00:05:51]} Kh8 {[%clk 00:50:57]} {[%emt 00:02:40]} 26. Kb1
{[%clk 00:51:04]} {[%emt 00:01:58]} gxf5 {[%clk 00:47:06]} {[%emt 00:04:20]} 27.
Nxf5 {[%clk 00:50:55]} {[%emt 00:00:40]} Rg8 {[%clk 00:46:44]} {[%emt
00:00:53]} 28. Qh5 {[%clk 00:51:04]} {[%emt 00:00:20]} Qb6 {[%clk 00:45:00]}
{[%emt 00:02:13]} 29. Nd4 {[%clk 00:50:57]} {[%emt 00:00:39]} Bxd4 {[%clk
00:44:57]} {[%emt 00:00:33]} 0-1

[Event "Icelandic Team Championship 2021"]
[Site "Reykjavik"]
[Date "2021.10.03"]
[Round "5.6"]
[White "Halldorsson, Halldor"]
[Black "Petersson, Baldur Teodor"]
[Result "0-1"]
[WhiteElo "2227"]
[BlackElo "2214"]

1. e4 {[%clk 01:30:54]} {[%emt 00:00:06]} e6 {[%clk 01:30:53]} {[%emt
00:00:08]} 2. Nf3 {[%clk 01:30:50]} {[%emt 00:00:36]} d5 {[%clk 01:31:15]}
{[%emt 00:00:05]} 3. Nc3 {[%clk 01:31:14]} {[%emt 00:00:06]} Nf6 {[%clk
01:31:35]} {[%emt 00:00:09]} 4. e5 {[%clk 01:31:19]} {[%emt 00:00:26]} Nfd7
{[%clk 01:31:58]} {[%emt 00:00:07]} 5. d4 {[%clk 01:31:41]} {[%emt 00:00:07]}
c5 {[%clk 01:32:21]} {[%emt 00:00:08]} 6. dxc5 {[%clk 01:31:58]} {[%emt
00:00:13]} Nc6 {[%clk 01:32:44]} {[%emt 00:00:06]} 7. Bf4 {[%clk 01:32:21]}
{[%emt 00:00:07]} Nxc5 {[%clk 01:32:55]} {[%emt 00:00:19]} 8. Bd3 {[%clk
01:31:24]} {[%emt 00:01:27]} a6 {[%clk 01:33:00]} {[%emt 00:00:25]} 9. h4
{[%clk 01:27:01]} {[%emt 00:04:54]} Be7 {[%clk 01:31:59]} {[%emt 00:01:30]} 10.
a3 {[%clk 01:26:22]} {[%emt 00:01:10]} Bd7 {[%clk 01:30:19]} {[%emt 00:02:09]}
11. Rh3 {[%clk 01:23:34]} {[%emt 00:03:20]} Qb6 {[%clk 01:24:26]} {[%emt
00:06:21]} 12. b4 {[%clk 01:19:56]} {[%emt 00:04:09]} Nxd3+ {[%clk 01:21:00]}
{[%emt 00:03:56]} 13. Qxd3 {[%clk 01:20:12]} {[%emt 00:00:14]} Na7 {[%clk
01:20:14]} {[%emt 00:01:16]} 14. Nd4 {[%clk 01:14:35]} {[%emt 00:06:07]} Nb5
{[%clk 01:19:14]} {[%emt 00:01:30]} 15. Nf5 {[%clk 01:07:53]} {[%emt 00:07:12]}
Nxc3 {[%clk 01:04:49]} {[%emt 00:14:55]} 16. Nxg7+ {[%clk 01:07:53]} {[%emt
00:00:31]} Kd8 {[%clk 01:01:42]} {[%emt 00:03:37]} 17. Qxc3 {[%clk 01:07:39]}
{[%emt 00:00:43]} Rc8 {[%clk 01:01:17]} {[%emt 00:00:56]} 18. Qd2 {[%clk
01:06:28]} {[%emt 00:01:40]} Qc7 {[%clk 00:58:31]} {[%emt 00:03:16]} 19. c3
{[%clk 00:55:34]} {[%emt 00:11:25]} Qc4 {[%clk 00:57:03]} {[%emt 00:01:58]} 20.
Qd4 {[%clk 00:51:17]} {[%emt 00:04:47]} Bb5 {[%clk 00:56:39]} {[%emt 00:00:54]}
21. Qxc4 {[%clk 00:48:02]} {[%emt 00:03:45]} Rxc4 {[%clk 00:57:02]} {[%emt
00:00:06]} 22. Nh5 {[%clk 00:46:23]} {[%emt 00:02:09]} Rg8 {[%clk 00:54:14]}
{[%emt 00:03:19]} 23. a4 {[%clk 00:44:02]} {[%emt 00:02:51]} Re4+ {[%clk
00:49:14]} {[%emt 00:05:30]} 24. Re3 {[%clk 00:43:25]} {[%emt 00:01:07]} Rxg2
{[%clk 00:45:43]} {[%emt 00:04:01]} 25. Rxe4 {[%clk 00:36:05]} {[%emt
00:07:50]} Rg1+ {[%clk 00:46:06]} {[%emt 00:00:07]} 26. Kd2 {[%clk 00:36:30]}
{[%emt 00:00:06]} Rxa1 {[%clk 00:46:31]} {[%emt 00:00:05]} 27. Re1 {[%clk
00:36:45]} {[%emt 00:00:15]} Ra2+ {[%clk 00:45:23]} {[%emt 00:01:38]} 28. Ke3
{[%clk 00:36:13]} {[%emt 00:01:02]} Bxh4 {[%clk 00:43:55]} {[%emt 00:01:58]} 29.
Bg3 {[%clk 00:36:16]} {[%emt 00:00:27]} Bxg3 {[%clk 00:43:21]} {[%emt
00:01:04]} 30. fxg3 {[%clk 00:36:15]} {[%emt 00:00:31]} Bxa4 {[%clk 00:42:07]}
{[%emt 00:01:44]} 31. Rh1 {[%clk 00:34:57]} {[%emt 00:01:48]} Rg2 {[%clk
00:34:49]} {[%emt 00:07:48]} 32. Rh4 {[%clk 00:26:16]} {[%emt 00:09:11]} Bb5
{[%clk 00:28:59]} {[%emt 00:06:21]} 33. Nf4 {[%clk 00:18:36]} {[%emt 00:08:09]}
Rxg3+ {[%clk 00:28:48]} {[%emt 00:00:41]} 34. Kd4 {[%clk 00:19:00]} {[%emt
00:00:05]} Rf3 {[%clk 00:28:11]} {[%emt 00:01:06]} 35. Rg4 {[%clk 00:18:35]}
{[%emt 00:00:55]} Kc7 {[%clk 00:28:21]} {[%emt 00:00:20]} 36. Rh4 {[%clk
00:18:23]} {[%emt 00:00:43]} h5 {[%clk 00:28:36]} {[%emt 00:00:15]} 37. c4
{[%clk 00:18:25]} {[%emt 00:00:28]} Bxc4 {[%clk 00:28:54]} {[%emt 00:00:11]}
0-1

[Event "Icelandic Team Championship 2021"]
[Site "Reykjavik"]
[Date "2021.10.03"]
[Round "5.7"]
[White "Gretarsson, Andri A"]
[Black "Karason, Askell O"]
[Result "1/2-1/2"]
[WhiteElo "2263"]
[BlackElo "2270"]

1. e4 {[%clk 01:30:34]} {[%emt 00:00:25]} c5 {[%clk 01:30:52]} {[%emt
00:00:09]} 2. Nf3 {[%clk 01:30:33]} {[%emt 00:00:29]} Nc6 {[%clk 01:31:16]}
{[%emt 00:00:05]} 3. d4 {[%clk 01:30:09]} {[%emt 00:00:54]} cxd4 {[%clk
01:31:41]} {[%emt 00:00:05]} 4. Nxd4 {[%clk 01:30:36]} {[%emt 00:00:05]} g6
{[%clk 01:32:06]} {[%emt 00:00:05]} 5. c4 {[%clk 01:18:25]} {[%emt 00:12:41]}
Bg7 {[%clk 01:32:20]} {[%emt 00:00:15]} 6. Be3 {[%clk 01:18:07]} {[%emt
00:00:47]} Nf6 {[%clk 01:32:38]} {[%emt 00:00:12]} 7. Nc3 {[%clk 01:18:29]}
{[%emt 00:00:09]} O-O {[%clk 01:32:54]} {[%emt 00:00:14]} 8. Be2 {[%clk
01:18:28]} {[%emt 00:00:31]} d6 {[%clk 01:33:19]} {[%emt 00:00:05]} 9. O-O
{[%clk 01:18:49]} {[%emt 00:00:11]} Bd7 {[%clk 01:33:45]} {[%emt 00:00:04]} 10.
Rc1 {[%clk 01:15:19]} {[%emt 00:04:00]} Nxd4 {[%clk 01:33:34]} {[%emt
00:00:40]} 11. Bxd4 {[%clk 01:15:25]} {[%emt 00:00:24]} Bc6 {[%clk 01:33:58]}
{[%emt 00:00:08]} 12. Qd3 {[%clk 01:04:04]} {[%emt 00:11:48]} a5 {[%clk
01:28:24]} {[%emt 00:06:05]} 13. b3 {[%clk 01:02:55]} {[%emt 00:01:39]} Nd7
{[%emt 00:03:25]} 1/2-1/2